00507nam a2200181Ia 450000500170000000800410001702000100005804000190006804100120008708200160009910000230011524500700013826000430020830000180025150400190026965000270028885000100031520230120110719.0131103s9999 xx 000 0 und d cRs.10 aLoreto College aEnglish a954.01bCHA aChattopadhyay,K.P. aAncient Indian culture contacts and migrationscK.P.Chattopadhyay aCalcuttabFirma K.L.Mukhopadhyayc1970 a114 p.b ill. aIncludes index aAncient Indian History aLCLIB